00644nam a2200205 i 4500001000400000245007300004250001800077260006000095300002500155500002400180504003700204650002600241650003600267655003200303700002500335020002100360040000800381041000800389008004100397bgj00aUsing literature and poetry affectively /cedited by Jon E. Shapiro. a[2nd print.]. aNewark, De :bInternational Reading Association,c1986. aVI, 120 pp ;c22 cm. a1st published 1979. aBibliography after each chapter. 9aChildren's literature 9aBooks and readings for children aAddresses, essays, lectures1 aSHAPIRO, Jon E.eed. a0872074897 (pbk) cBPK0 aeng s uk f |000 0 eng